Largest Cities In Louisiana - Statistics

General Stats
  • This quiz has been taken 81 times
  • The average score is 7 of 9
Answer Stats
Pop. City % Correct
225,374 Baton Rouge
100%
393,292 New Orleans
100%
192,036 Shreveport
92%
126,848 Lafayette
87%
47,334 Alexandria
68%
77,117 Lake Charles
68%
48,371 Monroe
63%
68,554 Bossier City
47%
67,451 Kenner
47%
No matching quizzes found
Score Distribution
Percent of People with Each Score
Percentile by Number Answered
Your Score History
You have not taken this quiz